アイドルマスター 765プロアイドルの血縁者 - Statistics

General Stats
  • This quiz has been taken 4 times
  • The average score is 6 of 20
Answer Stats
アイドル名 血縁者名 続柄 % Correct
北沢志保
100%
如月千早 千種
67%
星井美希 菜緒
67%
菊地真 真一
67%
高槻やよい かすみ 妹(二女)
67%
高槻やよい 長介 弟(長男)
67%
秋月律子 従兄弟
67%
馬場このみ かりん
67%
如月千早 弟(故)
33%
島原エレナ ジョアン
33%
高槻やよい 浩太郎 弟(次男)
0%
高槻やよい 浩司 弟(三男)
0%
高槻やよい 浩三 弟(四男)
0%
水瀬伊織 兄(長男)
0%
三浦あずさ 貴子
0%
佐竹美奈子 琥太郎
0%
永吉昴 将人 兄(長男)
0%
永吉昴 大輝 兄(次男)
0%
永吉昴 祐翔 兄(三男)
0%
永吉昴 颯太 兄(四男)
0%
No matching quizzes found
Score Distribution
Percent of People with Each Score
Percentile by Number Answered
Your Score History
You have not taken this quiz